000 005500000a22001810004500
003 MACL
005 20160225164101.0
008 160225b xxu||||| |||| 00| 0 eng d
040 _aMACL
_cMACL
041 _aHindi
082 _a800
100 _aरामकृष्‍ण बजाज
_940512
245 _aपत्र व्‍यवहार
_bभाग 2
260 _bसस्‍ता साहित्‍य मंडल
_c1958
_aनई दिल्‍ली
350 _a3
650 _aLiteracture
_939932
942 _cHIN
_k800
_2ddc
999 _c24937
_d24937